000 00604nam a2200229Ia 4500
003 OSt
005 20220928111723.0
006 a|||||r|||| 00| 0
007 ta
008 220927b |||||||| |||| 00| 0 eng d
024 _a29223
037 _cTextual
040 _aSDCL
_cSDCL
_beng
041 _2eng
_aeng
082 _aO15,2NPR,1, M2
100 _aPandey Ramashish
_9424728
245 0 _aShikha bandhanam.
260 _aBihar
_bPrabodh Sanskrit Prakashnam
_c1982
300 _a95p
_ccm.
942 _hO15,2NPR,1, M2
_cTEXL
_2CC
999 _c741581
_d741581